| 000 | 00869nam a2200229Ia 4500 | ||
|---|---|---|---|
| 003 | IN-BaIIA | ||
| 008 | 211028s9999 xx 000 0 eng d | ||
| 020 | _a0-88318-770-1 | ||
| 040 | _cIIA Library | ||
| 080 |
_a523.34(082.2) _bAST |
||
| 111 |
_aAmerican Institute of Physics Conference Proceedings _cMaryland _d1990 _918599 |
||
| 245 | 0 |
_aAstrophysics from the moon _bAIP conference proceedings held in Annapolis, Maryland, 1990 _cedited by Michael J. Mumma and Harlan J. Smith |
|
| 260 |
_aNew York, _bAmerican Institute of Physics _c1990 |
||
| 300 | _axxxi, 656p. | ||
| 490 | _aAIP conference proceedings; v. 207 | ||
| 650 | _aAstronomy and Astrophysics Thesaurus | ||
| 650 |
_aAstrophysics _9794 |
||
| 650 | _aMoon | ||
| 700 |
_aMumma, Michael J., ed. _918600 |
||
| 700 |
_aSmith, Harlan J., ed. _96682 |
||
| 942 | _cBK | ||
| 999 |
_c10870 _d10870 |
||